La criminología del siglo XXI en América Latina / (Record no. 63233)
[ view plain ]
| 000 -LEADER | |
|---|---|
| fixed length control field | 00908cam a2200241 4500 |
| 005 - DATE AND TIME OF LATEST TRANSACTION | |
| control field | 20190115130506.0 |
| 008 - FIXED-LENGTH DATA ELEMENTS--GENERAL INFORMATION | |
| fixed length control field | 190114b1999 ag ||||| |||| 001 0 spa d |
| 020 ## - INTERNATIONAL STANDARD BOOK NUMBER | |
| International Standard Book Number | 9507272259 v.1 |
| 020 ## - INTERNATIONAL STANDARD BOOK NUMBER | |
| International Standard Book Number | 9507273611 v.2 |
| 050 04 - LIBRARY OF CONGRESS CALL NUMBER | |
| Classification number | HV6010 |
| Item number | C75 1999 |
| 245 03 - TITLE STATEMENT | |
| Title | La criminología del siglo XXI en América Latina / |
| Statement of responsibility, etc | Carlos Alberto Elbert , Susana Murillo, Mirtha López Gonzalez, Monica Kalinsky, coordinadores |
| 250 ## - EDITION STATEMENT | |
| Edition statement | Primera edición |
| 260 ## - PUBLICATION, DISTRIBUTION, ETC. (IMPRINT) | |
| Place of publication, distribution, etc | Buenos Aires , Argentina : |
| Name of publisher, distributor, etc | Rubinzal - Culzoni Editores, |
| Date of publication, distribution, etc | 1999. |
| 300 ## - PHYSICAL DESCRIPTION | |
| Extent | V.2 ; |
| Dimensions | 23 cm. |
| 504 ## - BIBLIOGRAPHY, ETC. NOTE | |
| Bibliography, etc | Incluye índice |
| 651 ## - SUBJECT ADDED ENTRY--GEOGRAPHIC NAME | |
| Source of heading or term | lemb |
| Geographic name | América Latina |
| General subdivision | Criminología |
| -- | Congresos y conferencias |
| 700 1# - ADDED ENTRY--PERSONAL NAME | |
| Personal name | Murillo, susana, |
| Relator term | coordinador |
| 700 1# - ADDED ENTRY--PERSONAL NAME | |
| Personal name | López González, Mirtha, |
| Relator term | coordinador |
| 700 1# - ADDED ENTRY--PERSONAL NAME | |
| Personal name | Kalinsky, Mónica, |
| Relator term | coordinador |
| 942 ## - ADDED ENTRY ELEMENTS (KOHA) | |
| Source of classification or shelving scheme | Biblioteca del Cogreso de los Estados Unidos |
| Koha item type | Libro |
| Estado de pérdida | Fuente de clasificación | Estado del daño | No para préstamo | Ubicación permanente | Ubicación actual | Apartado o colección | Fecha de adquisición | Edición | Enumeración de Serie / Cronológica | Dependencia de educación superior (DES) | Área del conocimiento | Clasificación | Código de Barras | Date last seen | Número de copia | Tipo de recurso |
|---|---|---|---|---|---|---|---|---|---|---|---|---|---|---|---|---|
| Biblioteca del Cogreso de los Estados Unidos | Biblioteca de la Facultad de Derecho y Ciencias Sociales "Felipe J. Tena" | Biblioteca de la Facultad de Derecho y Ciencias Sociales "Felipe J. Tena" | General | 14/01/2019 | 1a ed. | BFD000010841 | Derecho | Ciencias Sociales y Administrativas | HV6010 C75 1999 V.1 | BFD000010841 | 14/01/2019 | 1 | Libro | |||
| Biblioteca del Cogreso de los Estados Unidos | Biblioteca de la Facultad de Derecho y Ciencias Sociales "Felipe J. Tena" | Biblioteca de la Facultad de Derecho y Ciencias Sociales "Felipe J. Tena" | General | 14/01/2019 | 1a ed. | BFD000010842 | Derecho | Ciencias Sociales y Administrativas | HV6010 C75 2002 V.2 | BFD000010842 | 14/01/2019 | 1 | Libro |